|
|
|
|
| LEADER |
00000nam a2200000 i 4500 |
| 001 |
1/73577 |
| 008 |
080206s2003 eng d |
| 020 |
|
|
|a 0-7546-3540-6
|
| 035 |
|
|
|l 10094419
|
| 040 |
|
|
|a GR-MY-UA
|b gre
|e aacr
|
| 041 |
0 |
|
|a eng
|
| 082 |
0 |
|
|a 325.32
|2 (22)
|
| 100 |
1 |
|
|a Petras, James
|d 1937-
|
| 245 |
1 |
4 |
|a The new development politics :
|b the age of empire building and new social movements /
|c James Petras
|
| 260 |
|
|
|a Aldershot :
|b Ashgate,
|c 2003
|
| 300 |
|
|
|a v, 193 σ.;
|c 24 εκ.
|
| 504 |
|
|
|a Βιβλιογραφία: σ. 179-186
|
| 504 |
|
|
|a Ευρετήριο: σ. 187-193
|
| 650 |
0 |
0 |
|a Imperialism.
|
| 650 |
0 |
0 |
|a Globalization.
|
| 650 |
0 |
0 |
|a Social movements
|z Latin America.
|
| 651 |
|
0 |
|a United States
|x Foreign economic relations
|z Latin America.
|
| 651 |
|
0 |
|a Latin America
|x Foreign economic relations
|z United States.
|
| 651 |
|
0 |
|a Latin America
|x Social conditions
|y 1982-
|
| 852 |
|
|
|a INST
|b LESVOS
|e 20080206
|h 325.32 PET
|p 005100040709
|q 005100040709
|t BK
|y 0
|
| 901 |
|
|
|a BIBL1-2008-1
|
| 909 |
|
|
|a Λ
|b 142989
|
| 922 |
|
|
|a 1ΕΛΗ
|b 200712
|c ΕΠΕΑΕΚ2/ΤΚ
|d ΠΑΠΑΣΩΤΗΡΙΟΥ
|
| 970 |
|
|
|a ΧΑΤΖΗΜΙΧΑΗΛ
|b ΜΑΡΙΑ
|z 2008/02/06
|